Tattoo My Body With Animals Quiz Stats

 Plays Quiz Updated Oct 22, 2014

Challenge
Share
Tweet
Score 0/25 Timer 06:00
1 Play Today
% Correct
Shark
99.8%
Elephant
99.5%
Zebra
98.7%
Tarantula
98.6%
Pig
98.4%
Kangaroo
98.3%
Turtle
98.1%
Alligator
97.9%
Octopus
97.8%
Rhinoceros
97.7%
Rabbit
97.6%
Polar Bear
97.4%
Bat
97.3%
% Correct
Rat
97%
Owl
97%
Horse
97%
Penguin
96.9%
Lion
96.9%
Gorilla
96.9%
Leopard
96.8%
Giraffe
96.8%
Scorpion
96.6%
Raccoon
92.4%
Hedgehog
89.8%
Iguana
83.9%

You're not logged in!

Compare scores with friends on all Sporcle quizzes.
Join for Free
OR
Log In

You Might Also Like...

Show Comments

Extras

Top Quizzes Today


Score Distribution

Your Account Isn't Verified!

In order to create a playlist on Sporcle, you need to verify the email address you used during registration. Go to your Sporcle Settings to finish the process.

Report this User

Report this user for behavior that violates our Community Guidelines.

Details: